African Approach to Management (Record no. 2024)

MARC details
000 -LEADER
fixed length control field 00351nam a22001337a 4500
008 - FIXED-LENGTH DATA ELEMENTS--GENERAL INFORMATION
fixed length control field 250303b |||||||| |||| 00| 0 eng d
020 ## - INTERNATIONAL STANDARD BOOK NUMBER
ISBN 9783003585
100 ## - MAIN ENTRY--AUTHOR
Author IFECHUKWU, A. O Jonathan
245 ## - TITLE STATEMENT
Title African Approach to Management
260 ## - PUBLICATION, DISTRIBUTION, ETC. (IMPRINT)
Place of publication Yaba, Lagos
Name of publisher Gold land Business Company
Date of publication 2002
300 ## - COLLATION
Pagination 380p.
942 ## - ADDED ENTRY ELEMENTS (KOHA)
Item type Books
050 ## - LIBRARY OF CONGRESS CALL NUMBER
Classification number HD70
Item number .I44
Holdings
Source of classification or shelving scheme Not for loan Permanent location Current location Date acquired Accession No. Full call number Barcode. Koha item type
Library of Congress Classification   Samuel Ogbemudia Main Library, University of Abuja Samuel Ogbemudia Main Library, University of Abuja 03/03/2025 2011/41012 HD70.I44 2025-0165 Books